Statistics for Most Popular Color Cars

Click here to take the quiz!

General Stats

  • This quiz has been taken 3,637 times
  • The average score is 7 of 8

Answer Stats

%color% Correct
19black
99%
9red
99%
7blue
98%
22white
98%
2green
92%
12grey
88%
20silver
70%
7brown
56%

Score Distribution

Percentile by Number Answered

Percent of People with Each Score

Your Score History

You have not taken this quiz